Exercices de programmation en Fortran IV /

Guardado en:
Autor Principal: Lamoitier, Jean-Pierre.
Formato: Libro
Idioma:French
Publicado: Paris : Dunod, [1974]
Series:Dunod technique
Materias:
Etiquetas: Agregar Etiqueta
Sin Etiquetas, Sea el primero en etiquetar este registro!
LEADER 00678cam a2200205 a 4500
001 MAT.inmabb006037
008 750204s1974####fr#a#####b####000#0#fre##
005 20170503153436.0
245 1 0 |a Exercices de programmation en Fortran IV /  |c Jean-Pierre Lamoitier. 
260 |a Paris :  |b Dunod,  |c [1974] 
300 |a viii, 144 p. :  |b il. ;  |c 24 cm. 
490 0 |a Dunod technique 
504 |a Incluye referencias bibliográficas. 
020 |a 2040081607 
100 1 |a Lamoitier, Jean-Pierre. 
650 0 |a FORTRAN IV (Computer program language)  |x Problems, exercises, etc. 
084 |a 68  |2 msc2000 
010 |a  74079789  
040 |a DLC  |c DLC  |d DLC 
859 |h 68  |i L233e  |p A-5293  |b BIB. MATEMATICA